Library Banner

Struggle for Pakistan / (Record no. 70322)

MARC details
000 -LEADER
fixed length control field 00401nam a22001577a 4500
005 - DATE AND TIME OF LATEST TRANSACTION
control field 20250109083501.0
008 - FIXED-LENGTH DATA ELEMENTS--GENERAL INFORMATION
fixed length control field 150423b xxu||||| |||| 00| 0 eng d
040 ## - CATALOGING SOURCE
Transcribing agency PK-LaUMT
082 ## - DEWEY DECIMAL CLASSIFICATION NUMBER
Classification number 954.035
Item number LAL-S
100 ## - MAIN ENTRY--PERSONAL NAME
Personal name Lal Bahadur
245 ## - TITLE STATEMENT
Title Struggle for Pakistan /
Statement of responsibility, etc by Lal Bahadur
260 ## - PUBLICATION, DISTRIBUTION, ETC. (IMPRINT)
Place of publication, distribution, etc New Delhi :
Name of publisher, distributor, etc Sterling Publishers,
Date of publication, distribution, etc 1988
300 ## - PHYSICAL DESCRIPTION
Extent 341 p.
546 ## - LANGUAGE NOTE
Language note Eng
942 ## - ADDED ENTRY ELEMENTS (KOHA)
Koha item type Books
Holdings
Withdrawn status Lost status Damaged status Home library Current library Date acquired Full call number Barcode Date last seen Price effective from Koha item type Copy number
      UMT Main Campus UMT Main Campus 2015-04-23 KHC 954.035 LAL-S 73678 2015-04-23 2015-04-23 Books  
      UMT Main Campus UMT Main Campus 2025-01-09 954.035 LAL-S 148419 2026-04-01 2025-01-09 Books C.2